¿Qué es la dialéctica? = What's the dialectic? /

Shranjeno v:
Bibliografske podrobnosti
Glavni avtor: Kojève, Alexandre
Drugi avtorji: Alfaro Vargas, Roy
Format: Texto
Oznake: Označite
Brez oznak, prvi označite!

MARC

LEADER 00000 a a2200000 04500
001 47114
003
040
090 |a REV0862 139(I)2013  
100 |a Kojève, Alexandre  
245 |a ¿Qué es la dialéctica? =   |b What's the dialectic? /  |c Alexandre Kojève; traducido por Roy Alfaro Vargas  
700 |a Alfaro Vargas, Roy  
773 |g número139, (2013), páginas 91-102  
999 |c 23861  |d 23861 
773 0 |0 18728  |9 3011  |a Universidad de Costa Rica  |d San José, Costa Rica Editorial UCR 1956-  |o 16172  |t Revista de Ciencias Sociales/  |x 04825276